书目信息 |
| 题名: |
唐宋历史评论
|
|
| 作者: | 包伟民 , 刘后滨 主编 | |
| 分册: | 第六辑 | |
| 出版信息: | 北京 社会科学文献出版社·人文分社 2019 |
|
| 页数: | 224页 | |
| 开本: | 24cm | |
| 丛书名: | ||
| 单 册: | ||
| 中图分类: | K242.07 | |
| 科图分类: | ||
| 主题词: | 唐宋时期--tang song shi qi--历史--研究 | |
| 电子资源: | ||
| ISBN: | 978-7-5201-5684-4 | |
| 000 | 00941nam0 2200253 450 | |
| 001 | 2159258994 | |
| 005 | 20210930164559.38 | |
| 010 | @a978-7-5201-5684-4@dCNY69.00 | |
| 100 | @a20200622d2019 em y0chiy50 ea | |
| 101 | 0 | @achi@eeng |
| 102 | @aCN@b110000 | |
| 105 | @aa z 001yy | |
| 106 | @ar | |
| 200 | 1 | @a唐宋历史评论@Atang song li shi ping lun@h第六辑@f包伟民,刘后滨主编 |
| 210 | @a北京@c社会科学文献出版社·人文分社@d2019 | |
| 215 | @a224页@c图@d24cm | |
| 320 | @a有索引 | |
| 330 | @a本书设有“笔谈”“专论”“札记”“述论”“书评”五个栏目,收录了《中国古代早期城市的建设者》《宋代类书中墓志起源知识试析》《唐长安大明宫宗教建筑丛考》《唐长安大明宫宗教建筑丛考》等文章。 | |
| 606 | 0 | @a唐宋时期@Atang song shi qi@x历史@x研究 |
| 690 | @aK242.07@v5 | |
| 701 | 0 | @a包伟民@Abao wei min@f(1956-)@4主编 |
| 701 | 0 | @a刘后滨@Aliu hou bin@f(1966-)@4主编 |
| 801 | 0 | @aCN@b百万庄@c20210926 |
| 905 | @b1299444-47@dK242.07@e52:6@f4 | |
| 唐宋历史评论.第六辑/包伟民,刘后滨主编.-北京:社会科学文献出版社·人文分社,2019 |
| 224页:图;24cm |
| ISBN 978-7-5201-5684-4:CNY69.00 |
| 本书设有“笔谈”“专论”“札记”“述论”“书评”五个栏目,收录了《中国古代早期城市的建设者》《宋代类书中墓志起源知识试析》《唐长安大明宫宗教建筑丛考》《唐长安大明宫宗教建筑丛考》等文章。 |
| ● |
| 相关链接 |
|
|
|
|
正题名:唐宋历史评论
索取号:K242.07/52:6
 
预约/预借
| 序号 | 登录号 | 条形码 | 馆藏地/架位号 | 状态 | 备注 |
| 1 | 1299444 | 212994447 | 第二样本阅览室/ [索取号:K242.07/52:6] | 在馆 | |
| 2 | 1299445 | 212994456 | 第二借阅区/ [索取号:K242.07/52:6] | 在馆 | |
| 3 | 1299446 | 212994465 | 第二借阅区/ [索取号:K242.07/52:6] | 在馆 | |
| 4 | 1299447 | 212994474 | 第二借阅区/ [索取号:K242.07/52:6] | 在馆 |